[Event "4NCL Division 4 South"]
[Site "Bedford, ENG"]
[Date "2019.01.12"]
[Round "3.86"]
[White "Shaw, John S"]
[Black "Jones, Andrew"]
[Result "1/2-1/2"]
[WhiteElo "1707"]
[BlackElo "1547"]
[PlyCount "95"]
[EventDate "2019.01.12"]
[WhiteTeam "MK Phoenix 2"]
[BlackTeam "Shropshire 3"]

1. Nf3 d5 2. g3 Nf6 3. Bg2 Bf5 4. d3 Nbd7 5. Nbd2 e6 6. O-O Be7 7. Re1 O-O 8.
e4 dxe4 9. dxe4 Bg4 10. h3 Bh5 11. b3 c6 12. Bb2 Qc7 13. a3 Rfd8 14. Qe2 Bc5
15. b4 Be7 16. c4 c5 17. b5 a6 18. a4 axb5 19. axb5 h6 20. Qe3 Bg6 21. Nh4 Ne5
22. Nxg6 Nxg6 23. f4 e5 24. f5 Nf8 25. Nf3 N8d7 26. g4 Nh7 27. h4 Nhf6 28. Bh3
Nb6 29. Bxe5 Qd7 30. Qe2 Rxa1 31. Rxa1 Qd3 32. Qxd3 Rxd3 33. Kf2 Nxe4+ 34. Ke2
Rb3 35. Rc1 Bxh4 36. Bg2 Be7 37. Nd2 Nxd2 38. Kxd2 Bg5+ 39. Kc2 Re3 40. Bc7
Nxc4 41. Bf1 Rf3 42. Bxc4 Bxc1 43. Bd5 Rf1 44. Bxb7 Bf4 45. b6 c4 46. Kc3 Be3
47. Be4 Bxb6 48. Bxb6 1/2-1/2

[Event "4NCL Division 4 South"]
[Site "Bedford, ENG"]
[Date "2019.01.12"]
[Round "3.91"]
[White "Cooke, Charlie"]
[Black "Truman, Richard G"]
[Result "1/2-1/2"]
[WhiteElo "1767"]
[BlackElo "1952"]
[PlyCount "45"]
[EventDate "2019.01.12"]
[WhiteTeam "CSC 3"]
[BlackTeam "Ashfield 2"]

1. d4 Nf6 2. c4 g6 3. Nc3 d5 4. Nxd5 Nxd5 5. cxd5 Qxd5 6. e3 Bg7 7. Nf3 O-O 8.
b3 Nc6 9. Bc4 Qd6 10. Bb2 Rd8 11. O-O Na5 12. Be2 c5 13. Ba3 b6 14. Rc1 Qf6 15.
Qe1 cxd4 16. Nxd4 Bd7 17. Bf3 Rac8 18. Rxc8 Rxc8 19. Qd2 e5 20. Ne2 Bc6 21.
Bxc6 Rxc6 22. Qd7 h5 23. Be7 1/2-1/2

[Event "4NCL Division 4 South"]
[Site "Bedford, ENG"]
[Date "2019.01.12"]
[Round "3.92"]
[White "Levens, David G"]
[Black "Homolka, Vincent"]
[Result "1-0"]
[WhiteElo "1934"]
[BlackElo "1766"]
[PlyCount "85"]
[EventDate "2019.01.12"]
[WhiteTeam "Ashfield 2"]
[BlackTeam "CSC 3"]

1. e4 d5 2. exd5 Qxd5 3. d4 Nf6 4. c4 Qa5+ 5. Bd2 Qb6 6. c5 Qe6+ 7. Be2 g6 8.
Nf3 Bg7 9. O-O O-O 10. Nc3 Rd8 11. Re1 c6 12. b3 Qd7 13. Bc4 Qc7 14. Qc1 Nd5
15. Bg5 f6 16. Bf4 Qd7 17. Bh6 Bxh6 18. Qxh6 e6 19. Ne4 Qg7 20. Qh4 g5 21. Qg3
Nd7 22. Qd6 Re8 23. b4 Nf8 24. b5 Bd7 25. Bxd5 cxd5 26. Nc3 Rac8 27. a4 Red8
28. Qg3 Ng6 29. a5 Nf4 30. a6 Rb8 31. axb7 Rxb7 32. c6 Rc7 33. Na4 Bc8 34. Nc5
e5 35. dxe5 Qf8 36. exf6 Qxc5 37. Qxg5+ Ng6 38. f7+ Rxf7 39. Qxd8+ Rf8 40. Re8
Bf5 41. Rxf8+ Nxf8 42. Qg5+ Bg6 43. Rc1 1-0

[Event "4NCL Division 4 South"]
[Site "Bedford, ENG"]
[Date "2019.01.12"]
[Round "3.93"]
[White "Grey, Nicholas D"]
[Black "Flynn, David"]
[Result "0-1"]
[WhiteElo "1725"]
[BlackElo "1892"]
[PlyCount "112"]
[EventDate "2019.01.12"]
[WhiteTeam "CSC 3"]
[BlackTeam "Ashfield 2"]

1. e4 e6 2. d4 d5 3. Nc3 Bb4 4. e5 Ne7 5. a3 Bxc3+ 6. bxc3 c5 7. Nf3 Nbc6 8. h4
Qa5 9. Bd2 c4 10. h5 h6 11. Be2 Bd7 12. Qc1 O-O-O 13. Qb2 f6 14. Rb1 Qa6 15.
exf6 gxf6 16. Bf4 Rdg8 17. g3 Nf5 18. Qb5 Qxb5 19. Rxb5 Ncxd4 20. Rb2 Nb5 21.
Bd2 Nxa3 22. Nd4 Nd6 23. Bf3 Re8 24. O-O Nab5 25. Rfb1 a6 26. Ne2 Nf5 27. Nf4
Ne7 28. Ng2 e5 29. Ne3 Be6 30. Ng4 Ng8 31. Ne3 Rd8 32. Be2 d4 33. cxd4 c3 34.
Bxc3 Nxc3 35. Bxa6 Nxb1 36. Rxb7 Rd6 37. Ra7+ Kd8 38. Ra8+ Ke7 39. d5 Bd7 40.
Ra7 Kf8 41. c4 Be8 42. c5 Rd8 43. c6 Rxd5 44. Nxd5 Bxc6 45. Nc7 Ke7 46. Nb5+
Ke6 47. Bc8+ Kd5 48. Ra5 Kc4 49. Na7 Be8 50. Be6+ Kb4 51. Ra1 Nc3 52. g4 Ne7
53. Ra6 Ba4 54. Rb6+ Kc5 55. Rb7 Ncd5 56. Rb1 Nc7 0-1

[Event "4NCL Division 4 South"]
[Site "Bedford, ENG"]
[Date "2019.01.12"]
[Round "3.94"]
[White "Gogia, Armaan"]
[Black "Cresswell, Mike J"]
[Result "1-0"]
[WhiteElo "1907"]
[BlackElo "1708"]
[PlyCount "59"]
[EventDate "2019.01.12"]
[WhiteTeam "Ashfield 2"]
[BlackTeam "CSC 3"]

1. e4 Nf6 2. e5 Nd5 3. c4 Nb6 4. d4 d6 5. exd6 exd6 6. Nc3 N8d7 7. Be3 Nf6 8.
Bd3 Be7 9. h3 Bd7 10. Nge2 c6 11. Qc2 Qc7 12. Nf4 O-O-O 13. d5 g5 14. dxc6 bxc6
15. Nfe2 Rdg8 16. O-O-O h5 17. Rhe1 Bd8 18. c5 dxc5 19. Ba6+ Kb8 20. Bxc5 Ne8
21. Qd3 Nd5 22. Nxd5 cxd5 23. Qb3+ Ka8 24. Qxd5+ Kb8 25. Rd3 Rg6 26. Qxd7 Rxa6
27. Qxd8+ Qxd8 28. Rxd8+ Kc7 29. Rd3 Rxa2 30. Ra3 1-0

[Event "4NCL Division 4 South"]
[Site "Bedford, ENG"]
[Date "2019.01.12"]
[Round "3.95"]
[White "Denning, Julie L"]
[Black "Hill, Maurice J"]
[Result "0-1"]
[WhiteElo "1652"]
[BlackElo "1802"]
[PlyCount "50"]
[EventDate "2019.01.12"]
[WhiteTeam "CSC 3"]
[BlackTeam "Ashfield 2"]

1. d4 Nf6 2. c4 g6 3. Nc3 d5 4. Bg5 Bg7 5. Bxf6 Bxf6 6. Nxd5 Bg7 7. e3 c5 8.
Ne2 Nc6 9. h3 O-O 10. Ndc3 cxd4 11. exd4 Nxd4 12. Nxd4 Bxd4 13. Qf3 Qa5 14. Be2
Qb4 15. O-O-O Bxc3 16. bxc3 Qa3+ 17. Kb1 Bf5+ 18. Ka1 Rfd8 19. h4 Bc2 20. Rxd8+
Rxd8 21. Qxb7 Qxc3+ 22. Qb2 Qd2 23. Rc1 Qxe2 24. Qxc2 Rd2 25. Qb1 Qe5+ 0-1

[Event "4NCL Division 4 South"]
[Site "Bedford, ENG"]
[Date "2019.01.12"]
[Round "3.96"]
[White "Taylor, Robert P"]
[Black "Saidmurodov, Shahjahon"]
[Result "0-1"]
[WhiteElo "1742"]
[BlackElo "1635"]
[PlyCount "80"]
[EventDate "2019.01.12"]
[WhiteTeam "Ashfield 2"]
[BlackTeam "CSC 3"]

1. d4 Nf6 2. Nf3 e6 3. Bf4 b6 4. e3 Bb7 5. Nbd2 d5 6. Be2 Nbd7 7. c3 Be7 8. h3
O-O 9. O-O Ne4 10. Ne5 Nxe5 11. Bxe5 Nxd2 12. Qxd2 f6 13. Bh2 Bd6 14. f4 f5 15.
Qe1 c5 16. g4 Qe7 17. g5 Rac8 18. Bd3 c4 19. Be2 b5 20. h4 a5 21. h5 b4 22. Bg3
Rb8 23. Bh4 Qc7 24. Qg3 Bc6 25. Kh1 Kh8 26. Rg1 Be7 27. Rg2 bxc3 28. bxc3 Rb2
29. Bf3 Rfb8 30. g6 Bxh4 31. Qxh4 h6 32. Rf1 a4 33. Rff2 a3 34. Kh2 Ba4 35. Kh3
Rxf2 36. Rxf2 Rb2 37. Kg3 Rxf2 38. Kxf2 Bb3 39. Qh1 Bxa2 40. Qa1 Qb6 0-1

[Event "4NCL Division 4 South"]
[Site "Bedford, ENG"]
[Date "2019.01.12"]
[Round "3.101"]
[White "Smith, Steve"]
[Black "Donaghay, Richard H"]
[Result "1-0"]
[WhiteElo "1763"]
[BlackElo "1830"]
[PlyCount "57"]
[EventDate "2019.01.12"]
[WhiteTeam "West is Best 4"]
[BlackTeam "Iceni 3"]

1. e4 d6 2. d4 Nf6 3. Nc3 g6 4. Be3 c6 5. h3 Qa5 6. Qd2 b5 7. Bd3 Nbd7 8. Nf3
Bg7 9. O-O O-O 10. Bh6 b4 11. Ne2 Ba6 12. Bxg7 Kxg7 13. a3 Bxd3 14. axb4 Nxe4
15. Qxd3 Qf5 16. g4 Qb5 17. Qxe4 f5 18. Qe3 fxg4 19. hxg4 e5 20. Nc3 Qxb4 21.
Ra4 Qxb2 22. Rb1 Qxc2 23. Ne1 Qxb1 24. Nxb1 Rf4 25. f3 Raf8 26. Rxa7 R8f7 27.
dxe5 dxe5 28. Rxd7 Rxd7 29. Qxe5+ 1-0

[Event "4NCL Division 4 South"]
[Site "Bedford, ENG"]
[Date "2019.01.12"]
[Round "3.102"]
[White "Lovell, Steve"]
[Black "Eckert, Jonathan"]
[Result "1-0"]
[WhiteElo "1810"]
[BlackElo "1704"]
[PlyCount "141"]
[EventDate "2019.01.12"]
[WhiteTeam "Iceni 3"]
[BlackTeam "West is Best 4"]

1. e4 e5 2. Nf3 Nc6 3. Bc4 Nf6 4. d4 exd4 5. O-O Nxe4 6. Re1 d5 7. Bxd5 Qxd5 8.
Nc3 Qf5 9. Nxe4 Be6 10. Nxd4 Nxd4 11. Qxd4 Rd8 12. Qa4+ c6 13. Bg5 f6 14. Ng3
Qxg5 15. Rxe6+ Kf7 16. Rae1 Qd5 17. Qxa7 Qxe6 18. Rxe6 Rd1+ 19. Nf1 Kxe6 20.
Qb8 Rd7 21. Ne3 g6 22. Qf4 Bd6 23. Qc4+ Ke7 24. g3 Re8 25. c3 Kd8 26. Qd4 Be5
27. Qb6+ Kc8 28. a4 Bc7 29. Qa7 Re5 30. Nc4 Re1+ 31. Kg2 Rdd1 32. Qc5 f5 33. a5
Rd5 34. Qf8+ Rd8 35. Qf7 f4 36. Qxh7 fxg3 37. hxg3 Re4 38. Qxg6 Re7 39. a6 Kb8
40. axb7 Kxb7 41. Qg5 Red7 42. b4 Rd5 43. Qg6 R8d7 44. Qe6 Rd8 45. Ne3 Re5 46.
Qg4 Rde8 47. c4 Re4 48. Qf3 Kb6 49. Qf6 Kb7 50. b5 R4e6 51. Qb2 Bb6 52. bxc6+
Rxc6 53. Nd5 Ree6 54. Nxb6 Rxb6 55. Qd4 Rbd6 56. Qc5 Rc6 57. Qb5+ Kc7 58. g4
Re4 59. Qa5+ Kb7 60. f3 Rexc4 $11 61. Kg3 Rc3 62. Qd5 Kc7 63. Kh4 R6c5 64. Qf7+
Kd6 65. g5 Re5 66. f4 Ree3 67. g6 Rh3+ 68. Kg4 Rcg3+ 69. Kf5 Rh5+ 70. Ke4 Rh6
71. Qf8+ 1-0

[Event "4NCL Division 4 South"]
[Site "Bedford, ENG"]
[Date "2019.01.12"]
[Round "3.103"]
[White "Di-Vetta, Andrew"]
[Black "Jones, Robert L"]
[Result "1-0"]
[WhiteElo "1728"]
[BlackElo "1809"]
[PlyCount "61"]
[EventDate "2019.01.12"]
[WhiteTeam "West is Best 4"]
[BlackTeam "Iceni 3"]

1. e4 e6 2. d4 d5 3. Nd2 Be7 4. f4 Nf6 5. e5 Nfd7 6. Ngf3 c5 7. c3 Nc6 8. Nb3
a5 9. Be3 cxd4 10. Nbxd4 Nxd4 11. Bxd4 O-O 12. Bd3 f5 13. O-O Nc5 14. Be2 Ne4
15. c4 g5 16. cxd5 exd5 17. fxg5 Bxg5 18. Nxg5 Qxg5 19. Rc1 Rf7 20. Bf3 Be6 21.
Rc2 Rg7 22. Qe2 f4 23. Rfc1 Qh4 24. Rc7 Ng5 25. Rxg7+ Kxg7 26. Bf2 Nxf3+ 27.
Qxf3 Qg5 28. Rc7+ Kf8 29. Qa3+ Ke8 30. h4 Qd8 31. Rxh7 1-0

[Event "4NCL Division 4 South"]
[Site "Bedford, ENG"]
[Date "2019.01.12"]
[Round "3.104"]
[White "Balakrishnan, Kathirvel"]
[Black "Melsom, Jonathan T"]
[Result "1/2-1/2"]
[WhiteElo "1600"]
[BlackElo "1712"]
[PlyCount "77"]
[EventDate "2019.01.12"]
[WhiteTeam "Iceni 3"]
[BlackTeam "West is Best 4"]

1. d4 f5 2. e3 Nf6 3. Bd3 d6 4. f4 g6 5. Nf3 Bg7 6. Nbd2 O-O 7. c3 Nbd7 8. Ng5
Nb6 9. Qb3+ d5 10. O-O e6 11. Qd1 Qe7 12. Nb3 Nbd7 13. c4 c5 14. cxd5 exd5 15.
dxc5 Nxc5 16. Nxc5 Qxc5 17. Qc2 Qb6 18. Nf3 Ng4 19. Re1 d4 20. Nxd4 Bxd4 21.
Qc4+ Kh8 22. Qxd4+ Qxd4 23. exd4 Rd8 24. Bd2 Nf6 25. Bc3 Nd5 26. Bd2 Bd7 27.
Bc4 Bc6 28. g3 Nb6 29. Bb3 a5 30. Bc3 Nd5 31. Bxd5 Bxd5 32. a3 Kg8 $11 33. Re5
Be4 34. Rxa5 Rxa5 35. Bxa5 Rxd4 36. Bc3 Rd3 37. Kf2 Kf7 38. Ke2 Rd7 39. Kf2
1/2-1/2

[Event "4NCL Division 4 South"]
[Site "Bedford, ENG"]
[Date "2019.01.12"]
[Round "3.105"]
[White "Davies, Merlin"]
[Black "Ryan, John"]
[Result "1/2-1/2"]
[WhiteElo "1582"]
[BlackElo "1426"]
[PlyCount "47"]
[EventDate "2019.01.12"]
[WhiteTeam "West is Best 4"]
[BlackTeam "Iceni 3"]

1. e4 c5 2. d4 cxd4 3. c3 dxc3 4. Nxc3 d6 5. Nf3 e6 6. e5 a6 7. Bg5 Qb6 8. Qd2
d5 9. Na4 Qb4 10. Nc3 Qa5 11. Nd4 Be7 12. Bxe7 Nxe7 13. Qg5 Rg8 14. Bd3 h6 15.
Qg3 g6 16. Qf4 h5 17. Nb3 Qd8 18. Nd2 Nbc6 19. Nf3 Nf5 20. Bxf5 gxf5 21. g3 b5
22. Qh6 Bb7 23. Qh7 Ke7 24. O-O-O 1/2-1/2

[Event "4NCL Division 4 South"]
[Site "Bedford, ENG"]
[Date "2019.01.12"]
[Round "3.106"]
[White "Kent, Rowan"]
[Black "Davies, Huw"]
[Result "1-0"]
[WhiteElo "1330"]
[BlackElo "1262"]
[PlyCount "79"]
[EventDate "2019.01.12"]
[WhiteTeam "Iceni 3"]
[BlackTeam "West is Best 4"]

1. e4 e5 2. Nf3 Nc6 3. Bc4 d6 4. Nc3 Bg4 5. h3 Bxf3 6. Qxf3 Qf6 7. Qxf6 Nxf6 8.
O-O a6 9. d3 Nd4 10. Bb3 b5 11. Be3 Nxb3 12. axb3 h6 13. Nxb5 Kd7 14. Nc3 Be7
15. d4 exd4 16. Bxd4 Rhb8 17. Ra4 a5 18. Rfa1 c5 19. Bxf6 Bxf6 20. Rxa5 Rxa5
21. Rxa5 Bxc3 22. bxc3 Ke6 23. f3 h5 24. Kf2 Rd8 25. Ra6 g6 26. f4 Rc8 27. Kg3
Rd8 28. e5 f6 29. Rxd6+ Rxd6 30. exd6 Kxd6 31. b4 g5 32. fxg5 fxg5 33. Kf3 Kd5
34. bxc5 Kxc5 35. Ke4 Kc4 36. Kf5 g4 37. hxg4 hxg4 38. Kxg4 Kxc3 39. Kf5 Kxc2
40. g4 1-0

[Event "4NCL Division 4 South"]
[Site "Bedford, ENG"]
[Date "2019.01.12"]
[Round "3.111"]
[White "Hadi, Justin"]
[Black "Cannon, Richard J"]
[Result "1/2-1/2"]
[WhiteElo "1991"]
[BlackElo "2035"]
[PlyCount "83"]
[EventDate "2019.01.12"]
[WhiteTeam "Oxford 3"]
[BlackTeam "Rook & Roll"]

1. d4 Nf6 2. Bg5 e6 3. e4 c5 4. d5 d6 5. Nc3 Be7 6. Bb5+ Bd7 7. dxe6 fxe6 8.
Nf3 Bxb5 9. Nxb5 Qa5+ 10. Nc3 Nxe4 11. Bxe7 Nxc3 12. Qd2 Kxe7 13. O-O Qb4 14.
bxc3 Qg4 15. Rab1 b6 16. Rfe1 Na6 17. Ng5 Nc7 18. Re4 Qh5 19. Nxe6 Nxe6 20.
Rbe1 Rhe8 21. Rxe6+ Kf8 22. Qxd6+ Kg8 23. Re7 Rxe7 24. Rxe7 Rf8 25. Qe6+ Kh8
26. g4 Qh4 27. f3 Qg5 28. Qf7 Qc1+ 29. Kg2 Qd2+ 30. Kh3 Qh6+ 31. Kg2 g6 32. Re8
Qd2+ 33. Kh3 Rxe8 34. Qxe8+ Kg7 35. Qe5+ Kf7 36. Qc7+ Kf6 37. Qc6+ Kg5 38. Qe4
Qxc3 39. Qe7+ Kf4 40. Qe4+ Kg5 41. Qe7+ Kf4 42. Qe4+ 1/2-1/2

[Event "4NCL Division 4 South"]
[Site "Bedford, ENG"]
[Date "2019.01.12"]
[Round "3.112"]
[White "Kamath, Vikram"]
[Black "Cont, Arya"]
[Result "1/2-1/2"]
[WhiteElo "1823"]
[BlackElo "1901"]
[PlyCount "73"]
[EventDate "2019.01.12"]
[WhiteTeam "Rook & Roll"]
[BlackTeam "Oxford 3"]

1. e4 e6 2. Nf3 d5 3. e5 Bd7 4. d4 c5 5. c3 Nc6 6. Bd3 cxd4 7. cxd4 Qb6 8. Bc2
Nb4 9. Nc3 Qa6 10. a3 Rc8 11. Be3 Nxc2+ 12. Qxc2 Bb4 13. Kd2 Bxc3+ 14. bxc3 Ne7
15. Rhc1 Ba4 16. Qb1 Nc6 17. Ke1 Na5 18. Nd2 O-O 19. Qb4 b5 20. Rab1 Rc7 21. c4
dxc4 22. Qc3 Nc6 23. Ne4 Qa5 24. Qxa5 Nxa5 25. Nc5 Nb3 26. Nxb3 Bxb3 27. Kd2
Rfc8 28. Kc3 a5 29. Kb2 b4 30. axb4 axb4 31. Ra1 h6 32. Ra5 Rb7 33. Rca1 Kh7
34. g4 Kg6 35. h4 Rcc7 36. h5+ Kh7 37. Ra8 1/2-1/2

[Event "4NCL Division 4 South"]
[Site "Bedford, ENG"]
[Date "2019.01.12"]
[Round "3.113"]
[White "Burrows, Nick"]
[Black "Sheikh, Nasarullah"]
[Result "1/2-1/2"]
[WhiteElo "1916"]
[BlackElo "1706"]
[PlyCount "137"]
[EventDate "2019.01.12"]
[WhiteTeam "Oxford 3"]
[BlackTeam "Rook & Roll"]

1. b3 Nf6 2. Bb2 d6 3. d4 Nbd7 4. Nf3 b6 5. c4 Bb7 6. Nbd2 g6 7. e3 Bg7 8. Qc2
O-O 9. Be2 Re8 10. O-O Rc8 11. d5 e6 12. dxe6 Rxe6 13. Nd4 Re8 14. Bf3 Bxf3 15.
N2xf3 c6 16. Rac1 Nc5 17. Ne2 Nce4 18. Nc3 Nxc3 19. Bxc3 Qe7 20. Qb2 Nh5 21.
Rfd1 Bxc3 22. Rxc3 Ng7 23. Rcd3 Red8 24. Qd2 Ne8 25. b4 Rd7 26. h3 h5 27. b5
Qe4 28. Qb2 Qxc4 29. Ne5 Qe6 30. Nxd7 Qxd7 31. bxc6 Qxc6 32. Qd4 Qc2 33. R3d2
Qf5 34. Qd5 Qd7 35. e4 Rc5 36. Qd4 Qe6 37. f3 g5 38. Qe3 f6 39. Rd5 Rc6 40. h4
Nc7 41. Rf5 Qxa2 42. Rxf6 Ne6 43. Rxe6 Qxe6 44. Qxg5+ Kf8 45. Qxh5 Qf6 46. Qd5
Qc3 47. Qf5+ Ke7 48. Qh7+ Ke6 49. Qxa7 Qe3+ 50. Kh1 Rc2 51. Qg7 Qf4 52. Qg6+
Ke7 53. Qg7+ Ke6 54. Qg4+ Qxg4 55. fxg4 Re2 56. Rd4 Ke5 57. Rd5+ Kxe4 58. Rxd6
Kf4 59. Rxb6 Kxg4 60. Kh2 Kxh4 61. Rb4+ Kg5 62. Kh3 Rc2 63. Rb5+ Kg6 64. g4 Rc1
65. Kg3 Rg1+ 66. Kf3 Rf1+ 67. Kg2 Rf4 68. Kg3 Rf1 69. Rb6+ 1/2-1/2

[Event "4NCL Division 4 South"]
[Site "Bedford, ENG"]
[Date "2019.01.12"]
[Round "3.114"]
[White "Sheikh, Anum"]
[Black "Terry, Sean"]
[Result "1/2-1/2"]
[WhiteElo "1600"]
[BlackElo "1916"]
[PlyCount "48"]
[EventDate "2019.01.12"]
[WhiteTeam "Rook & Roll"]
[BlackTeam "Oxford 3"]

1. e4 c5 2. Nf3 e6 3. d4 cxd4 4. Nxd4 Nf6 5. Nc3 a6 6. Be2 Be7 7. Be3 Qc7 8.
O-O b5 9. a3 Bb7 10. f3 Bc5 11. Qd2 O-O 12. Nb3 Bxe3+ 13. Qxe3 d6 14. Rad1 Nc6
15. f4 b4 16. Na4 Rad8 17. Bf3 bxa3 18. bxa3 Na5 19. Nb2 Rc8 20. Nxa5 Qxa5 21.
Rxd6 Rxc2 22. Nd1 Rfc8 23. Nf2 Ne8 24. Rd3 R2c3 1/2-1/2

[Event "4NCL Division 4 South"]
[Site "Bedford, ENG"]
[Date "2019.01.12"]
[Round "3.115"]
[White "Rudny, Tomasz"]
[Black "Sheikh, Samia Zannat"]
[Result "1-0"]
[WhiteElo "1922"]
[BlackElo "1523"]
[PlyCount "79"]
[EventDate "2019.01.12"]
[WhiteTeam "Oxford 3"]
[BlackTeam "Rook & Roll"]

1. d4 c5 2. d5 d6 3. c4 Nf6 4. Nc3 Bf5 5. Bg5 Nbd7 6. Nf3 h6 7. Bf4 g5 8. Bg3
Bg7 9. h4 Ne4 10. Nxe4 Bxe4 11. Nd2 Bh7 12. e4 Bxb2 13. Rb1 Bg7 14. Rxb7 Nb6
15. Qg4 f5 16. Qh5+ Kf8 17. hxg5 hxg5 18. Qxg5 Bf6 19. Qh6+ Kf7 20. e5 dxe5 21.
Bxe5 Nd7 22. Bxf6 Nxf6 23. Be2 Qd6 24. Bh5+ Kg8 25. Qg5+ Kf8 26. Qh6+ Kg8 27.
Qg5+ Kf8 28. Qh6+ Kg8 29. Rh3 Nxh5 30. Rxh5 Qe5+ 31. Qe3 Qxe3+ 32. fxe3 Kf7 33.
Nb3 Kg6 34. Rh3 Rhe8 35. Kd2 Bg8 36. Rg3+ Kf6 37. Nxc5 Ke5 38. Rg6 Rac8 39.
Nd3+ Ke4 40. Rxg8 1-0

[Event "4NCL Division 4 South"]
[Site "Bedford, ENG"]
[Date "2019.01.12"]
[Round "3.116"]
[White "Kilcline, Jenny"]
[Black "Seifert, Jacob"]
[Result "0-1"]
[WhiteElo "1551"]
[BlackElo "1786"]
[PlyCount "106"]
[EventDate "2019.01.12"]
[WhiteTeam "Rook & Roll"]
[BlackTeam "Oxford 3"]

1. e4 c5 2. Nc3 d6 3. f4 e6 4. Bc4 Nc6 5. Nf3 Nf6 6. d3 d5 7. Bb5 a6 8. Bxc6+
bxc6 9. O-O Be7 10. Qe1 O-O 11. Qg3 Re8 12. e5 Nd7 13. Qh3 Nf8 14. Qh5 f5 15.
g4 Ng6 16. h4 Bxh4 17. g5 Bxg5 18. Nxg5 Nf8 19. Rf2 Re7 20. Nxh7 Nxh7 21. Rh2
Nf8 22. Qh8+ Kf7 23. Rh7 Ke8 24. Qxf8+ Kxf8 25. Rh8+ Kf7 26. Rxd8 Bb7 27. Rxa8
Bxa8 28. b3 Re8 29. Ba3 c4 30. Na4 cxd3 31. cxd3 c5 32. Nb6 Bc6 33. Bxc5 d4 34.
Bxd4 Rd8 35. Be3 Rxd3 36. Kf2 g5 37. fxg5 f4 38. g6+ Kxg6 39. Rg1+ Kf5 40. Ke2
Rxe3+ 41. Kd2 Rxe5 42. Rg8 f3 43. Nc4 Re2+ 44. Kd3 Be4+ 45. Kc3 Kf4 46. Nd2 f2
47. a4 Rxd2 48. Kxd2 f1=Q 49. Rd8 Qf3 50. Kc1 Qxb3 51. Rc8 Ke3 52. Rc3+ Qxc3+
53. Kd1 Qd2# 0-1

[Event "4NCL Division 4 South"]
[Site "Bedford, ENG"]
[Date "2019.01.12"]
[Round "3.121"]
[White "Pedersen, Carsten"]
[Black "Woodhouse, Stephen V"]
[Result "1-0"]
[WhiteElo "2117"]
[BlackElo "1881"]
[PlyCount "33"]
[EventDate "2019.01.12"]
[WhiteTeam "Celtic Tigers 2"]
[BlackTeam "Wood Green Youth"]

1. e4 e6 2. d4 d5 3. e5 c5 4. c3 Nc6 5. Nf3 Bd7 6. a3 Nge7 7. b4 cxd4 8. cxd4
Qb6 9. Nc3 Nf5 10. Na4 Qc7 11. Bb2 Be7 12. Bd3 h5 13. Rc1 Qd8 14. Nc5 b6 15.
Nxd7 Qxd7 16. Bb5 Rc8 17. Qa4 1-0

[Event "4NCL Division 4 South"]
[Site "Bedford, ENG"]
[Date "2019.01.12"]
[Round "3.122"]
[White "Dias, Savin"]
[Black "Tivillier, Jacques"]
[Result "0-1"]
[WhiteElo "1887"]
[BlackElo "1855"]
[PlyCount "160"]
[EventDate "2019.01.12"]
[WhiteTeam "Wood Green Youth"]
[BlackTeam "Celtic Tigers 2"]

1. e4 c6 2. d4 d5 3. Nc3 dxe4 4. Nxe4 Bf5 5. Ng3 Bg6 6. Nf3 Nd7 7. h4 h6 8. h5
Bh7 9. Bd3 Bxd3 10. Qxd3 Ngf6 11. Bd2 e6 12. O-O-O Qc7 13. Rde1 O-O-O 14. Qe2
Nd5 15. Kb1 c5 16. c4 Nf4 17. Bxf4 Qxf4 18. Rh4 Qc7 19. Qc2 Be7 20. Rhh1 Rhe8
21. Ne4 Kb8 22. Rd1 cxd4 23. Nxd4 a6 24. f4 Nf6 25. Nxf6 Bxf6 26. Ne2 Rc8 27.
b3 b5 28. Rc1 bxc4 29. Qxc4 Qa5 30. Qd3 Qa3 31. Rxc8+ Rxc8 32. Qd2 Rd8 33. Qc2
Rc8 34. Qd2 Qc5 35. Ng3 Rd8 36. Ne4 Rxd2 37. Nxc5 Rb2+ 38. Kc1 Rxa2 39. Rh2 Bd4
40. Nd7+ Kb7 41. Ne5 f6 42. Nf3 Be3+ 43. Kb1 Re2 44. g3 Rxh2 45. Nxh2 Bf2 46.
Nf1 Kc6 47. Kc2 Kc5 48. Kd3 Kb4 49. Kc2 e5 50. fxe5 fxe5 51. Nd2 Bxg3 52. Ne4
Bh2 53. Nd2 Kc5 54. Kd3 Kd5 55. Ne4 Bg1 56. Ng3 Bb6 57. Ne4 Ke6 58. Ng3 Bd4 59.
Ke4 Kf6 60. Nf5 Bc3 61. Ne3 $11 Kg5 62. Nf5 Kxh5 63. Nxg7+ Kg4 64. Nf5 h5 65.
Ne3+ Kg5 66. Kf3 Bd4 67. Ng2 h4 68. Ne1 Kf5 69. Kg2 Kg4 70. Nc2 Bb6 71. Nb4 a5
72. Nd5 Ba7 73. Ne7 e4 74. Nc6 h3+ 75. Kh2 e3 76. Ne5+ Kf4 77. Nd3+ Ke4 78. Ne1
e2 79. Kg3 h2 80. Kxh2 Bf2 0-1

[Event "4NCL Division 4 South"]
[Site "Bedford, ENG"]
[Date "2019.01.12"]
[Round "3.123"]
[White "Buttell, David"]
[Black "Pattni, Kishan"]
[Result "0-1"]
[WhiteElo "1915"]
[BlackElo "1574"]
[PlyCount "76"]
[EventDate "2019.01.12"]
[WhiteTeam "Celtic Tigers 2"]
[BlackTeam "Wood Green Youth"]

1. d4 Nf6 2. c4 e6 3. Nf3 b6 4. g3 Bb7 5. Bg2 d5 6. O-O h6 7. Nbd2 Nbd7 8. b3
Be7 9. Bb2 O-O 10. e3 Ne4 11. Nxe4 dxe4 12. Nd2 f5 13. a4 c5 14. Nb1 Bf6 15.
Nc3 cxd4 16. exd4 e5 17. Nb5 exd4 18. Bxd4 Bxd4 19. Nxd4 Qe7 20. a5 Ne5 21. a6
Bc8 22. Nb5 Rd8 23. Qc2 Qc5 24. g4 Nxg4 25. h3 Ne5 26. Kh1 Bd7 27. Nc3 Bc6 28.
Rad1 Rd3 29. Rde1 Rad8 30. Rd1 Qd6 31. Rxd3 exd3 32. Qd2 Bxg2+ 33. Kxg2 Qg6+
34. Kh1 Qc6+ 35. Nd5 Rxd5 36. cxd5 Qxd5+ 37. f3 Nxf3 38. Qg2 d2 0-1

[Event "4NCL Division 4 South"]
[Site "Bedford, ENG"]
[Date "2019.01.12"]
[Round "3.124"]
[White "Parry, Samuel"]
[Black "Boztuna, Mehmet"]
[Result "1/2-1/2"]
[WhiteElo "1530"]
[BlackElo "1831"]
[PlyCount "84"]
[EventDate "2019.01.12"]
[WhiteTeam "Wood Green Youth"]
[BlackTeam "Celtic Tigers 2"]

1. d4 f5 2. Nf3 Nf6 3. Bf4 e6 4. e3 d5 5. c4 c6 6. Nc3 Bd6 7. Ne5 O-O 8. Be2
Ne4 9. h3 Qe7 10. cxd5 exd5 11. Nd3 Nd7 12. O-O Kh8 13. Bxd6 Qxd6 14. Qc2 Ndf6
15. b4 g5 16. Rab1 Nxc3 17. Qxc3 Ne4 18. Qb2 Rf6 19. Ne5 Be6 20. Rfc1 a6 21. a4
f4 22. Bf3 fxe3 23. fxe3 Ng3 24. b5 cxb5 25. axb5 a5 26. Rc5 Raf8 27. Qa2 Ne4
28. Bxe4 dxe4 29. Qxa5 b6 30. Qa6 Bd7 31. Nxd7 Qxd7 32. Rxg5 Qf7 33. Qa1 h6 34.
Re5 Qg6 35. Rb2 Qf7 36. Rb4 Qg6 37. Rb2 Rf3 38. Qe1 Rxh3 39. Rf2 Rg8 40. Qf1
Qg3 41. Rf4 Rh2 42. Rg4 Qxg4 1/2-1/2

[Event "4NCL Division 4 South"]
[Site "Bedford, ENG"]
[Date "2019.01.12"]
[Round "3.125"]
[White "Donaldson, Wyatt Zd"]
[Black "Lazarevic, Ljubica"]
[Result "0-1"]
[WhiteElo "1435"]
[BlackElo "1359"]
[PlyCount "112"]
[EventDate "2019.01.12"]
[WhiteTeam "Celtic Tigers 2"]
[BlackTeam "Wood Green Youth"]

1. e4 e5 2. Nf3 Nc6 3. d4 exd4 4. Nxd4 Nxd4 5. Qxd4 d6 6. Bc4 Nf6 7. Nc3 c6 8.
Bf4 Nh5 9. Bd2 Be7 10. O-O O-O 11. Rad1 Be6 12. Bxe6 fxe6 13. e5 d5 14. g4 c5
15. Qa4 Bg5 16. gxh5 Bxd2 17. Qg4 Qg5 18. h3 Qxg4+ 19. hxg4 Bxc3 20. bxc3 Rf3
21. Rd3 Raf8 22. Kg2 R3f4 23. f3 Ra4 24. Ra1 Ra3 25. c4 Rxd3 26. cxd3 dxc4 27.
dxc4 Rd8 28. Kg3 Rd2 29. f4 Kf8 30. Kf3 Rc2 31. Rd1 Ke7 32. f5 Rc3+ 33. Kf2
Rxc4 34. h6 Rxg4 35. hxg7 exf5 36. Kf3 Rxg7 37. Kf4 Rf7 38. Rd5 b6 39. Rd6 h5
40. Rh6 c4 41. Rxh5 Ke6 42. Rh6+ Kd5 43. Rd6+ Kc5 44. Rf6 Re7 45. Rxf5 c3 46.
Ke4 c2 47. Rf8 Rc7 48. Rf1 Kc4 49. e6 Kc3 50. Rh1 Kb2 51. Rh2 Kb1 52. Rxc2 Rxc2
53. Kd5 b5 54. e7 Re2 55. Kd6 Kxa2 56. Kd7 b4 0-1

[Event "4NCL Division 4 South"]
[Site "Bedford, ENG"]
[Date "2019.01.12"]
[Round "3.131"]
[White "Finn, Thomas"]
[Black "Young, Jonathan G"]
[Result "1/2-1/2"]
[WhiteElo "1945"]
[BlackElo "1660"]
[PlyCount "92"]
[EventDate "2019.01.12"]
[WhiteTeam "Sussex Martlets 3"]
[BlackTeam "Camberley Juniors"]

1. e4 c5 2. Nc3 Nc6 3. g3 d6 4. Bg2 Nf6 5. d3 g6 6. f4 Bg7 7. Nf3 Bd7 8. O-O
O-O 9. Be3 a6 10. Re1 e6 11. h3 Qc7 12. e5 Ne8 13. exd6 Nxd6 14. Bxc5 Rfd8 15.
Bf2 Nf5 16. d4 Be8 17. Ne2 Rac8 18. c3 Rd6 19. Rc1 Qa5 20. a3 Qd8 21. Qb3 Rd7
22. Ne5 Nxe5 23. dxe5 b5 24. Rcd1 Bf8 25. Rxd7 Qxd7 26. Rd1 Qc7 27. g4 Ne7 28.
Ng3 Bc6 29. Ne4 Nd5 30. Rd4 Kg7 31. Ng3 Bc5 32. Rd2 Nxf4 33. Bxc5 Bxg2 34. Be3
Bd5 35. Qd1 g5 36. Bxf4 gxf4 37. Nh5+ Kf8 38. Nxf4 Qxe5 39. Nxd5 exd5 40. Rxd5
Qg3+ 41. Kf1 Qxh3+ 42. Kf2 Re8 43. Rh5 Qe3+ 44. Kg2 Qe4+ 45. Qf3 Qe2+ 46. Qxe2
Rxe2+ 1/2-1/2